| 000 | 01061cam a2200301 a 4500 | ||
|---|---|---|---|
| 001 | 16095547 | ||
| 005 | 20170105102856.0 | ||
| 008 | 100217s2010 nyua b 001 0 eng | ||
| 010 | _a 2010006984 | ||
| 020 | _a9781422463277 (softbound) | ||
| 020 | _a1422463273 (softbound) | ||
| 035 | _a(OCoLC)ocn526812660 | ||
| 040 |
_aDLC _cDLC _dYDX _dYDXCP _dBWX _dDLC |
||
| 043 | _an-us--- | ||
| 050 | 0 | 0 |
_aHV7431 _b.L33 2010 |
| 082 | 0 | 0 |
_a364.40973 _222 |
| 100 | 1 | _aLab, Steven P. | |
| 245 | 1 | 0 |
_aCrime prevention : _bapproaches, practices and evaluations / _cSteven P. Lab. |
| 250 | _a7th ed. | ||
| 260 |
_a[Albany, N.Y.] : _bLexisNexis/Anderson Pub., _cc2010. |
||
| 300 |
_axi, 412 p. : _bill. ; _c26 cm. |
||
| 504 | _aIncludes bibliographical references (p. 335-389) and indexes. | ||
| 650 | 0 |
_aCrime prevention _zUnited States. |
|
| 650 | 0 |
_aCrime prevention _zUnited States _xEvaluation. |
|
| 906 |
_a7 _bcbc _corignew _d1 _eecip _f20 _gy-gencatlg |
||
| 942 |
_2ddc _cBK |
||
| 999 |
_c14502 _d14502 |
||